Euros 2024 Spain Squad - Statistics

General Stats
  • This quiz has been taken 427 times
  • The average score is 19 of 29
Answer Stats
Pos Club Answer % Correct
GK Arsenal David Raya
90%
MF Man City Rodri
90%
DF Real Madrid Dani Carvajal
89%
FW Barcelona Lamine Yamal
87%
MF Barcelona Pedri
87%
GK Bilbao Unai Simon
87%
DF Al Nassr Aymeric Laporte
82%
FW Leipzig Dani Olmo
81%
DF Chelsea Marc Cucurella
81%
FW Bilbao Nico Williams
79%
DF Leverkusen Alex Grimaldo
76%
FW Atletico Madrid Alvaro Morata
73%
MF PSG Fabian Ruiz
73%
FW Barcelona Ferran Torres
69%
FW Real Sociedad Mikel Oyarzabal
66%
MF Real Sociedad Mikel Merino
61%
DF Real Sociedad Robin Le Normand
59%
DF Sevilla Jesus Navas
57%
DF Real Madrid Nacho Fernandez
57%
FW Real Madrid Joselu
56%
DF Barcelona Pau Cubarsi
56%
MF Real Sociedad Martin Zubimendi
48%
MF Atletico Madrid Marcos Llorente
47%
GK Real Sociedad Alex Remiro
46%
MF Barcelona Fermin Lopez
46%
MF Girona Aleix Garcia
44%
DF Bilbao Vivian
31%
MF Villarreal Alex Baena
26%
FW Real Betis Ayoze Perez
26%
No matching quizzes found
Score Distribution
Percent of People with Each Score
Percentile by Number Answered
Your Score History
You have not taken this quiz